[Event "23rd EUR-ch"]
[Site "Vrnjacka Banja SRB"]
[Date "2023.03.08"]
[Round "6.84"]
[White "Leisch, Lukas"]
[Black "Kovacevic, Aleksandar"]
[Result "1/2-1/2"]
[WhiteElo "2378"]
[BlackElo "2489"]
[EventDate "2023.03.03"]
[PlyCount "189"]

1.c4 e5 2.g3 Nf6 3.Bg2 c6 4.Nf3 e4 5.Nd4 d5 6.d3 Bb4+ 7.Nc3 O-O 8.O-O Re8 
9.cxd5 Bxc3 10.bxc3 Nxd5 11.Qc2 exd3 12.Qxd3 Nd7 13.e4 Ne5 14.Qc2 Nb4 15.
cxb4 Qxd4 16.Rb1 Bg4 17.h3 Bf3 18.Bb2 Qd7 19.Bxe5 Bxg2 20.Kxg2 Rxe5 21.f4 
Re7 22.Rfd1 Qe8 23.Rd4 a5 24.a3 axb4 25.axb4 h6 26.Rbd1 f6 27.Qc4+ Kh8 28.
R1d2 Kh7 29.Qc5 Kh8 30.Qc4 Rc8 31.g4 b6 32.Kf3 Ra8 33.Rd6 Rc8 34.R2d4 c5 
35.bxc5 bxc5 36.R4d5 Rb7 37.e5 Rb4 38.Qd3 fxe5 39.Rxe5 Qf8 40.Rf5 Qe7 41.
Rxc5 Rcb8 42.Rcd5 Rf8 43.Rd4 Rbb8 44.Qe3 Qh4 45.Kg2 Rfe8 46.Qf2 Qxf2+ 47.
Kxf2 Rb2+ 48.Rd2 Rxd2+ 49.Rxd2 Re7 50.Re2 Rf7 51.Kg3 Ra7 52.Re3 Kg8 53.h4 
Kf7 54.h5 Ra5 55.Kf3 Ra7 56.Re5 Ra4 57.Rd5 Kf6 58.Ke3 Ra3+ 59.Rd3 Ra1 60.
Rd6+ Ke7 61.Rd2 Rg1 62.Kf3 Kf7 63.Rg2 Ra1 64.Rd2 Rg1 65.Rg2 Ra1 66.g5 hxg5
67.fxg5 Ra3+ 68.Kg4 Ra4+ 69.Kg3 Ra3+ 70.Kh4 Kg8 71.Rf2 Ra4+ 72.Kg3 Ra8 73.
Kg4 Rb8 74.Rf4 Ra8 75.Re4 Rf8 76.Re7 Kh8 77.g6 Kg8 78.Kg5 Ra8 79.Kf5 Ra5+ 
80.Re5 Ra8 81.Rc5 Re8 82.Rc6 Kh8 83.Re6 Ra8 84.Ke5 Ra5+ 85.Kd6 Ra6+ 86.Kd7
Rxe6 87.Kxe6 Kg8 88.Ke7 Kh8 89.Ke6 Kg8 90.Kf5 Kh8 91.Kg4 Kg8 92.Kg5 Kh8 
93.h6 Kg8 94.h7+ Kh8 95.Kf5 1/2-1/2

[Event "23rd EUR-ch"]
[Site "Vrnjacka Banja SRB"]
[Date "2023.03.08"]
[Round "6.85"]
[White "Secheres, Adrian-Simion"]
[Black "Samunenkov, Ihor"]
[Result "0-1"]
[WhiteElo "2369"]
[BlackElo "2488"]
[EventDate "2023.03.03"]
[PlyCount "96"]

1.d4 d5 2.c4 c6 3.cxd5 cxd5 4.Bf4 Nf6 5.Nc3 Nc6 6.e3 a6 7.Bd3 Bg4 8.Qb3 
Na5 9.Qc2 Rc8 10.Nf3 Bxf3 11.gxf3 e6 12.O-O Bb4 13.Qa4+ Nc6 14.Ne2 Bd6 15.
Rac1 Bxf4 16.Nxf4 O-O 17.Rc2 e5 18.dxe5 Nxe5 19.Be2 Qd6 20.Rxc8 Rxc8 21.
Rd1 Ng6 22.Nxg6 hxg6 23.Qd4 Qe6 24.a4 Qf5 25.Rd2 g5 26.Kg2 g6 27.Bd3 Qe6 
28.Rc2 Rb8 29.Qa7 Qe5 30.Qb6 Kg7 31.Qc7 Qe8 32.a5 d4 33.Qc5 dxe3 34.fxe3 
Rd8 35.Be2 Nd5 36.Kf2 Qh8 37.Qd4+ Nf6 38.Qe5 Rd5 39.Qc7 Qh4+ 40.Kg2 g4 41.
fxg4 Nxg4 42.Qg3 Qe7 43.Rc3 Nf6 44.Rc7 Qe4+ 45.Qf3 Rg5+ 46.Kh1 Qe5 47.Qf4 
Qd5+ 48.Bf3 Qxa5 0-1

[Event "23rd EUR-ch"]
[Site "Vrnjacka Banja SRB"]
[Date "2023.03.08"]
[Round "6.86"]
[White "Ahmadzada, Ahmad"]
[Black "Paszewski, Mateusz"]
[Result "1-0"]
[WhiteElo "2487"]
[BlackElo "2270"]
[EventDate "2023.03.03"]
[PlyCount "80"]

1.e4 c6 2.d4 d5 3.exd5 cxd5 4.Bd3 Nf6 5.h3 Nc6 6.c3 g6 7.Qc2 e5 8.dxe5 
Nxe5 9.Be3 Bg7 10.Nd2 d4 11.Bxd4 Nxd3+ 12.Qxd3 O-O 13.Ne2 Re8 14.Nc4 Bf5 
15.Qd1 Nd5 16.O-O Qc7 17.Ne3 Nxe3 18.Bxe3 Rad8 19.Qc1 a6 20.Re1 Bd3 21.Nd4
Be4 22.Qd2 Qc4 23.a4 Qc8 24.Bg5 f6 25.Bh6 Bh8 26.Re2 Bc6 27.a5 Bd5 28.Rae1
Kf7 29.Qf4 Qd7 30.b3 Rxe2 31.Rxe2 Re8 32.c4 Rxe2 33.Nxe2 Be6 34.Nd4 f5 35.
Qb8 Qc8 36.Qd6 Bxd4 37.Qxd4 Ke7 38.Bg5+ Ke8 39.Qh8+ Kd7 40.Qxh7+ Ke8 1-0

[Event "23rd EUR-ch"]
[Site "Vrnjacka Banja SRB"]
[Date "2023.03.08"]
[Round "6.87"]
[White "Kraus, Tomas"]
[Black "Danielian, Vahe"]
[Result "1-0"]
[WhiteElo "2486"]
[BlackElo "2307"]
[EventDate "2023.03.03"]
[PlyCount "87"]

1.d4 Nf6 2.Nf3 d5 3.c4 dxc4 4.e3 e6 5.Bxc4 a6 6.O-O Nbd7 7.a4 c5 8.Nc3 Qc7
9.Qe2 Bd6 10.Rd1 O-O 11.Bd2 b6 12.d5 Bb7 13.dxe6 fxe6 14.e4 Rae8 15.Ng5 
Bxh2+ 16.Kh1 Ne5 17.Bxe6+ Kh8 18.Bh3 Ng6 19.Ne6 Rxe6 20.Bxe6 Be5 21.Bf5 
Qf7 22.Kg1 Ne7 23.Bg5 Nxf5 24.exf5 Re8 25.Be3 Bb8 26.Rd2 Qc7 27.f4 Qc8 28.
Rad1 h5 29.Qc4 Qc6 30.Nd5 Ne4 31.Rd3 Nd6 32.Qc2 Nxf5 33.Bf2 Qg6 34.Rg3 Qf7
35.Rg5 Rf8 36.Nxb6 Bxf4 37.Rd7 Ne7 38.Rxc5 h4 39.Qe2 Qa2 40.Rxe7 Qb1+ 41.
Qe1 Qg6 42.Rxb7 h3 43.g3 Re8 44.Qxe8+ 1-0

[Event "23rd EUR-ch"]
[Site "Vrnjacka Banja SRB"]
[Date "2023.03.08"]
[Round "6.88"]
[White "Babazada, Khazar"]
[Black "Petrovic, Aleksa"]
[Result "1-0"]
[WhiteElo "2481"]
[BlackElo "2254"]
[EventDate "2023.03.03"]
[PlyCount "101"]

1.e4 c6 2.d4 d5 3.Nc3 dxe4 4.Nxe4 Bf5 5.Ng3 Bg6 6.h4 h6 7.Nf3 e6 8.h5 Bh7 
9.Bd3 Bxd3 10.Qxd3 Nf6 11.Bd2 c5 12.Ne4 Nc6 13.Bc3 cxd4 14.Nxd4 Nxd4 15.
Bxd4 Bb4+ 16.c3 Be7 17.O-O-O Nxe4 18.Qxe4 Qa5 19.Qxb7 Bg5+ 20.Kb1 Qf5+ 21.
Ka1 O-O 22.Qf3 Qb5 23.Qg3 Rab8 24.c4 Qf5 25.Qe5 Qh7 26.Qe2 Rfc8 27.Be5 Rb4
28.Rd4 Bf6 29.Bxf6 gxf6 30.Rh3 Qf5 31.a3 Rbb8 32.Rg3+ Kh7 33.Rd7 Rf8 34.
Qd3 Qxd3 35.Rgxd3 Rbc8 36.b3 a5 37.Rc3 Rc5 38.g4 f5 39.Rf3 a4 40.gxf5 e5 
41.Rd5 Rc6 42.Rxe5 axb3 43.c5 Rfc8 44.Rc3 Kg7 45.Kb2 Kf6 46.Rd5 Kg5 47.f6+
Kxf6 48.Rd6+ Kg5 49.Rxc6 Rxc6 50.Kxb3 Kxh5 51.Kb4 1-0

[Event "23rd EUR-ch"]
[Site "Vrnjacka Banja SRB"]
[Date "2023.03.08"]
[Round "6.89"]
[White "Carbonell Sancho, Marc"]
[Black "Velten, Paul"]
[Result "0-1"]
[WhiteElo "2364"]
[BlackElo "2478"]
[EventDate "2023.03.03"]
[PlyCount "52"]

1.e4 e5 2.Nf3 Nc6 3.Bc4 Nf6 4.d3 Bc5 5.c3 a5 6.O-O Ba7 7.Re1 d6 8.Nbd2 O-O
9.h3 h6 10.a4 Be6 11.Qb3 Qd7 12.Nf1 Nh5 13.Be3 Ne7 14.Bxa7 Rxa7 15.Ne3 Ng6
16.d4 Qe7 17.dxe5 dxe5 18.Rad1 Kh7 19.Qb5 Nhf4 20.Bxe6 fxe6 21.Nxe5 Nh4 
22.N5g4 c6 23.Qf1 h5 24.Nh2 Nhxg2 25.Kh1 Nxe1 26.Rxe1 Qh4 0-1

[Event "23rd EUR-ch"]
[Site "Vrnjacka Banja SRB"]
[Date "2023.03.08"]
[Round "6.90"]
[White "Hagner, Bennet"]
[Black "Sokolovsky, Yahli"]
[Result "0-1"]
[WhiteElo "2361"]
[BlackElo "2476"]
[EventDate "2023.03.03"]
[PlyCount "108"]

1.e4 e5 2.Nf3 Nc6 3.Bb5 a6 4.Ba4 Nf6 5.O-O Be7 6.Bxc6 dxc6 7.d3 Bd6 8.Nbd2
Be6 9.Nb3 Qe7 10.Na5 Rb8 11.b3 O-O 12.Bg5 h6 13.Bh4 Rfe8 14.c3 c5 15.Qc2 
Bg4 16.Nd2 c6 17.h3 Bd7 18.Nac4 b5 19.Nxd6 Qxd6 20.Bxf6 Qxf6 21.c4 Red8 
22.Rfd1 Be6 23.Nf1 Rbc8 24.Ng3 Rd6 25.Qe2 Qg5 26.Kf1 Rcd8 27.Qf3 Qf4 28.
Qe2 a5 29.Qc2 a4 30.Ke2 Rd4 31.Ke1 Qg5 32.Qe2 R8d7 33.Rd2 bxc4 34.bxc4 
Bxc4 35.Rad1 Be6 36.Qe3 Qg6 37.Ne2 R4d6 38.Kf1 c4 39.d4 Qg5 40.Qxg5 hxg5 
41.Ke1 c3 42.Nxc3 Rxd4 43.Rxd4 Rxd4 44.Rxd4 exd4 45.Nxa4 Bxa2 46.Ke2 Bc4+ 
47.Kf3 f6 48.g3 Kf7 49.h4 Bb3 50.Nb2 gxh4 51.gxh4 c5 52.e5 fxe5 53.Nd3 e4+
54.Kxe4 Bc2 0-1

[Event "23rd EUR-ch"]
[Site "Vrnjacka Banja SRB"]
[Date "2023.03.08"]
[Round "6.92"]
[White "Janzelj, Tim"]
[Black "Ahmad, Khagan"]
[Result "0-1"]
[WhiteElo "2472"]
[BlackElo "2220"]
[EventDate "2023.03.03"]
[PlyCount "108"]

1.e4 c5 2.c3 Nf6 3.e5 Nd5 4.Nf3 Nc6 5.Bc4 Nb6 6.Bb3 d6 7.exd6 Qxd6 8.O-O 
c4 9.Bc2 Bg4 10.Na3 e6 11.Qe2 Qf4 12.d4 Bxf3 13.gxf3 Qc7 14.Nxc4 Nxd4 15.
cxd4 Qxc4 16.Bd3 Qd5 17.Be4 Qd7 18.Bf4 Bd6 19.Bxd6 Qxd6 20.Bxb7 Rb8 21.
Qb5+ Nd7 22.Qc6 Ke7 23.Qxd6+ Kxd6 24.Be4 Rxb2 25.Rfc1 Rb6 26.a4 a5 27.Bd3 
h5 28.Bb5 h4 29.Rc4 Nf6 30.Rac1 Nd5 31.Kf1 h3 32.Rc8 Rxc8 33.Rxc8 Rb7 34.
Ra8 Rc7 35.Ra6+ Ke7 36.Rxa5 Kf6 37.Ra8 Rc1+ 38.Ke2 Rh1 39.Bc6 Nf4+ 40.Ke3 
g5 41.a5 Rxh2 42.d5 Rh1 43.d6 Rd1 44.d7 Rxd7 45.Bxd7 h2 46.Rh8 Ng2+ 47.Kd3
Nh4 48.Kc4 h1=Q 49.Kb5 Qxf3 50.Bc6 Qb3+ 51.Kc5 Qc3+ 52.Kb6 Qb4+ 53.Bb5 Nf5
54.a6 Nd4 0-1

[Event "23rd EUR-ch"]
[Site "Vrnjacka Banja SRB"]
[Date "2023.03.08"]
[Round "6.93"]
[White "Averin, Nikolai"]
[Black "Firat, Burak"]
[Result "0-1"]
[WhiteElo "2296"]
[BlackElo "2471"]
[EventDate "2023.03.03"]
[PlyCount "80"]

1.e4 c5 2.Nf3 e6 3.d4 cxd4 4.Nxd4 a6 5.Nc3 Qc7 6.Qf3 Nf6 7.Qg3 d6 8.Be3 h5
9.f3 h4 10.Qf2 Nbd7 11.O-O-O b5 12.a3 Bb7 13.Be2 Rc8 14.Kb1 e5 15.Nb3 Nc5 
16.g4 Na4 17.Nxa4 bxa4 18.Na1 Be7 19.c4 Nxe4 20.fxe4 Bxe4+ 21.Bd3 Qxc4 22.
Qd2 d5 23.Nc2 Bxd3 24.Qxd3 Qxd3 25.Rxd3 d4 26.Bf2 f6 27.Re1 Kf7 28.Re2 Rc7
29.Nb4 Bxb4 30.axb4 Rc4 31.Be1 Re8 32.Rc2 Rec8 33.Rxc4 Rxc4 34.Ra3 e4 35.
Rxa4 d3 36.Ra3 Rc2 37.Bxh4 Rxh2 38.Kc1 Rxh4 39.Kd2 Rh2+ 40.Kd1 g6 0-1

[Event "23rd EUR-ch"]
[Site "Vrnjacka Banja SRB"]
[Date "2023.03.08"]
[Round "6.94"]
[White "Samadov, Read"]
[Black "Gajcin, Marina"]
[Result "1/2-1/2"]
[WhiteElo "2471"]
[BlackElo "2215"]
[EventDate "2023.03.03"]
[PlyCount "104"]

1.d4 Nf6 2.c4 e6 3.Nc3 Bb4 4.Qc2 Nc6 5.Nf3 d6 6.Bd2 O-O 7.a3 Bxc3 8.Bxc3 
Re8 9.Rd1 Qe7 10.e3 e5 11.d5 Nb8 12.e4 a5 13.Be2 Nbd7 14.b4 axb4 15.axb4 
Nf8 16.O-O Ng6 17.Ra1 Bg4 18.h3 Bd7 19.Rfe1 Nf4 20.Bf1 N6h5 21.Kh2 Qf6 22.
Ng1 g5 23.g3 Ng6 24.Qe2 Ng7 25.Qf3 Qe7 26.Qe3 h5 27.Bd2 g4 28.Qg5 Qxg5 29.
Bxg5 f5 30.exf5 Nxf5 31.Bg2 Nd4 32.Be4 Kg7 33.hxg4 hxg4 34.Kg2 Rh8 35.c5 
Rxa1 36.Rxa1 dxc5 37.Ra7 cxb4 38.Rxb7 Rc8 39.Rxb4 Kf7 40.Be3 Nf5 41.Bc5 
Nf8 42.f3 Nd6 43.Bb1 Ra8 44.fxg4 Ra5 45.Be3 Kg7 46.Nf3 Rxd5 47.Kf2 c5 48.
Rb6 Bxg4 49.Nxe5 Rxe5 50.Rxd6 Ne6 51.Bd3 Rh5 52.Bc4 Kf6 1/2-1/2

[Event "23rd EUR-ch"]
[Site "Vrnjacka Banja SRB"]
[Date "2023.03.08"]
[Round "6.95"]
[White "Bronstein, Or"]
[Black "Angun, Batu"]
[Result "1-0"]
[WhiteElo "2465"]
[BlackElo "2206"]
[EventDate "2023.03.03"]
[PlyCount "63"]

1.Nf3 Nf6 2.c4 g6 3.Nc3 d5 4.cxd5 Nxd5 5.h4 h5 6.e4 Nxc3 7.bxc3 Bg7 8.Ba3 
O-O 9.Be2 b6 10.O-O c5 11.d4 cxd4 12.cxd4 Nc6 13.d5 Ne5 14.Rc1 Nxf3+ 15.
Bxf3 Be5 16.Qd2 Re8 17.Rfd1 Bd7 18.Qg5 Qb8 19.g3 Bf6 20.Qe3 b5 21.Bc5 a5 
22.d6 e5 23.Be2 Be6 24.Bb6 b4 25.d7 Rf8 26.Rc6 Kg7 27.Bc7 Qb7 28.Qc5 b3 
29.axb3 Qxb3 30.Bxe5 Bxe5 31.Qxe5+ Kh7 32.Rdd6 1-0

[Event "23rd EUR-ch"]
[Site "Vrnjacka Banja SRB"]
[Date "2023.03.08"]
[Round "6.96"]
[White "Eren, Ataberk"]
[Black "Isik, Alparslan"]
[Result "1-0"]
[WhiteElo "2308"]
[BlackElo "2462"]
[EventDate "2023.03.03"]
[PlyCount "61"]

1.d4 d5 2.c4 e6 3.Nc3 Nf6 4.Nf3 a6 5.c5 Nc6 6.Bg5 h6 7.Bh4 g5 8.Bg3 Nh5 9.
e3 Nxg3 10.hxg3 Bg7 11.g4 e5 12.Nxe5 Nxe5 13.dxe5 Bxe5 14.Nxd5 Be6 15.Bc4 
Qd7 16.Qb3 Rd8 17.O-O-O Qc6 18.Nc3 Rxd1+ 19.Rxd1 Bxg4 20.Bxf7+ Ke7 21.f3 
Bc8 22.Bg8 Qe8 23.Bc4 Kf8 24.Nd5 Rh7 25.f4 Bh8 26.fxg5 hxg5 27.Bd3 Rd7 28.
Bf5 Rg7 29.Rh1 Rg8 30.Bxc8 Qxc8 31.Rf1+ 1-0

[Event "23rd EUR-ch"]
[Site "Vrnjacka Banja SRB"]
[Date "2023.03.08"]
[Round "6.97"]
[White "Soffer, Ram"]
[Black "Shvedova, Alexandra"]
[Result "1-0"]
[WhiteElo "2456"]
[BlackElo "2083"]
[EventDate "2023.03.03"]
[PlyCount "70"]

1.d4 Nf6 2.Nf3 d5 3.c4 e6 4.g3 Bb4+ 5.Bd2 a5 6.Bg2 O-O 7.Qc2 Be7 8.O-O c6 
9.Bf4 Nbd7 10.Rd1 b6 11.Ne5 Nxe5 12.dxe5 Nd7 13.cxd5 cxd5 14.e4 d4 15.Rxd4
Bc5 16.Rd2 g5 17.Be3 Bxe3 18.fxe3 g4 19.Qc6 Ra7 20.Na3 Nxe5 21.Rxd8 Nxc6 
22.Rxf8+ Kxf8 23.Rc1 Bd7 24.Nb5 Ra8 25.e5 Rc8 26.Nd6 Rc7 27.b3 Ke7 28.Bxc6
Rxc6 29.Rxc6 Bxc6 30.Nc8+ Kd8 31.Nxb6 Kc7 32.Nc4 a4 33.Kf2 axb3 34.axb3 
Be4 35.Nd2 Bc2 1-0

[Event "23rd EUR-ch"]
[Site "Vrnjacka Banja SRB"]
[Date "2023.03.08"]
[Round "6.98"]
[White "Palczert, Matyas"]
[Black "Royal, Shreyas"]
[Result "0-1"]
[WhiteElo "2304"]
[BlackElo "2452"]
[EventDate "2023.03.03"]
[PlyCount "46"]

1.e4 e5 2.Nf3 Nc6 3.Bc4 Bc5 4.c3 Nf6 5.d4 exd4 6.e5 d5 7.Bb5 Ne4 8.cxd4 
Bb6 9.Nc3 O-O 10.Be3 Bg4 11.h3 Bh5 12.Qc2 Bg6 13.Qb3 Ne7 14.O-O c6 15.Bd3 
Nf5 16.Qc2 Nxe3 17.fxe3 Ng3 18.Rfd1 Bxd3 19.Qxd3 f6 20.Kh2 Nh5 21.Qf5 Qe8 
22.Kg1 Bc7 23.Qc2 fxe5 0-1

[Event "23rd EUR-ch"]
[Site "Vrnjacka Banja SRB"]
[Date "2023.03.08"]
[Round "6.99"]
[White "Shoshin, Kirill"]
[Black "Shubin, Kirill"]
[Result "1/2-1/2"]
[WhiteElo "2278"]
[BlackElo "2449"]
[EventDate "2023.03.03"]
[PlyCount "40"]

1.d4 Nf6 2.Bf4 g6 3.e3 Bg7 4.Nf3 d6 5.h3 O-O 6.Be2 b6 7.O-O Bb7 8.a4 a5 9.
Na3 Nbd7 10.Nc4 Re8 11.Bh2 Ne4 12.c3 e5 13.Qc2 Ng5 14.Ncd2 f5 15.Nxg5 Qxg5
16.Bf3 e4 17.Be2 Qf6 18.b4 Kh8 19.bxa5 Rxa5 20.Nb3 Ra7 1/2-1/2

[Event "23rd EUR-ch"]
[Site "Vrnjacka Banja SRB"]
[Date "2023.03.08"]
[Round "6.100"]
[White "Nigalidze, Gaioz"]
[Black "Cox, Tristan"]
[Result "1-0"]
[WhiteElo "2448"]
[BlackElo "1975"]
[EventDate "2023.03.03"]
[PlyCount "81"]

1.e4 c6 2.d3 d5 3.Nd2 e5 4.g3 Nf6 5.Bg2 dxe4 6.dxe4 Bc5 7.Ngf3 O-O 8.O-O 
Re8 9.Qe2 Bg4 10.h3 Bh5 11.a4 a5 12.Nc4 Nbd7 13.Bd2 Bf8 14.Qe1 b6 15.Bc3 
Qc7 16.Nh4 Rad8 17.Kh1 Bc5 18.Bd2 Bf8 19.f4 exf4 20.Bxf4 Qa7 21.g4 Bg6 22.
Nxg6 hxg6 23.e5 Nd5 24.Bg3 Nc5 25.Qf2 Ne6 26.Nd6 Bxd6 27.exd6 g5 28.c4 Nb4
29.Rad1 c5 30.Qf5 Qd7 31.b3 Nf4 32.Qxg5 Nxg2 33.Kxg2 Qc6+ 34.Kg1 Qe4 35.d7
Rf8 36.Be5 Qh7 37.Bf6 Nc6 38.Bxd8 Nxd8 39.Rfe1 Qxh3 40.Re3 Qh7 41.Qxd8 1-0

[Event "23rd EUR-ch"]
[Site "Vrnjacka Banja SRB"]
[Date "2023.03.08"]
[Round "6.101"]
[White "Pogorelsky, Sergei"]
[Black "Stankovic, Milos"]
[Result "0-1"]
[WhiteElo "2203"]
[BlackElo "2447"]
[EventDate "2023.03.03"]
[PlyCount "72"]

1.e4 c5 2.Nf3 d6 3.d4 cxd4 4.Nxd4 Nf6 5.Nc3 Bd7 6.f3 e5 7.Nb3 Be7 8.Be3 
O-O 9.g4 a5 10.a4 Na6 11.Bb5 Bxb5 12.axb5 Nb4 13.g5 Nd7 14.h4 Nb6 15.Rxa5 
Rc8 16.Bc1 d5 17.exd5 N6xd5 18.Nxd5 Nxd5 19.c3 Qd7 20.Qe2 Nxc3 21.bxc3 
Rxc3 22.O-O Rxb3 23.Be3 Qh3 24.Ra4 Qg3+ 25.Kh1 Qh3+ 26.Kg1 Rc8 27.Bb6 Qg3+
28.Kh1 Qh3+ 29.Kg1 Rbc3 30.Rg4 Rc2 31.Qxe5 Rc1 32.Rxc1 Rxc1+ 33.Kf2 Rf1+ 
34.Ke2 Qxf3+ 35.Kd2 Rd1+ 36.Kc2 Qd3+ 0-1

[Event "23rd EUR-ch"]
[Site "Vrnjacka Banja SRB"]
[Date "2023.03.08"]
[Round "6.102"]
[White "Erdogmus, Yagiz Kaan"]
[Black "Goriachkina, Oksana"]
[Result "1-0"]
[WhiteElo "2445"]
[BlackElo "1759"]
[EventDate "2023.03.03"]
[PlyCount "65"]

1.c4 c6 2.d4 d5 3.cxd5 cxd5 4.Bg5 Nc6 5.Nc3 Nf6 6.Bxf6 exf6 7.e3 Be6 8.
Nge2 Qb6 9.Qd2 Bd6 10.g3 Rd8 11.Bg2 Bb8 12.O-O O-O 13.Rfc1 f5 14.Na4 Qa5 
15.Nec3 Ne7 16.a3 Rc8 17.Nc5 Qb6 18.b4 a6 19.Rab1 Bd6 20.Qa2 Rfd8 21.Nxd5 
Bxd5 22.Bxd5 Nxd5 23.Qxd5 Bxc5 24.bxc5 Qc6 25.Qxc6 bxc6 26.Rb6 a5 27.Ra6 
Kf8 28.Rb1 Ke7 29.Rxa5 Ra8 30.Rb7+ Ke6 31.Raa7 Rxa7 32.Rxa7 Rc8 33.a4 1-0

[Event "23rd EUR-ch"]
[Site "Vrnjacka Banja SRB"]
[Date "2023.03.08"]
[Round "6.103"]
[White "Rodshtein, Maxim"]
[Black "Novkovic, Milan"]
[Result "1-0"]
[WhiteElo "2622"]
[BlackElo "2356"]
[EventDate "2023.03.03"]
[PlyCount "59"]

1.d4 d5 2.c4 e6 3.Nf3 Nf6 4.g3 dxc4 5.Bg2 Nc6 6.Qa4 Bb4+ 7.Bd2 Nd5 8.Bxb4 
Nxb4 9.Nc3 Bd7 10.O-O a6 11.Ne5 b5 12.Qa3 Rb8 13.Nxc6 Nxc6 14.d5 exd5 15.
Nxd5 Ne7 16.Nb4 O-O 17.Nxa6 Rb6 18.Rfd1 Nc8 19.Nc5 Nd6 20.e4 Re8 21.Qc3 f6
22.b3 Bc6 23.bxc4 bxc4 24.Bf1 Qa8 25.Bxc4+ Nxc4 26.Qxc4+ Kh8 27.a4 h6 28.
a5 Rb2 29.a6 Qa7 30.Qd4 1-0

[Event "23rd EUR-ch"]
[Site "Vrnjacka Banja SRB"]
[Date "2023.03.08"]
[Round "6.104"]
[White "Kollars, Dmitrij"]
[Black "Danov, Liubomir"]
[Result "1-0"]
[WhiteElo "2618"]
[BlackElo "2349"]
[EventDate "2023.03.03"]
[PlyCount "53"]

1.e4 c6 2.d4 d5 3.e5 Bf5 4.Nf3 e6 5.Be2 Nd7 6.O-O a5 7.a4 f6 8.Nbd2 fxe5 
9.Nxe5 Nxe5 10.dxe5 Bc5 11.Nb3 Bb6 12.c3 Ne7 13.Nd4 Bxd4 14.cxd4 O-O 15.b3
c5 16.dxc5 Qc7 17.Bb2 Qxc5 18.Ba3 Qc7 19.Rc1 Qd8 20.Bb5 Rf7 21.Qd2 Nc6 22.
Bd6 Na7 23.Be2 Nc6 24.Rc5 Qb6 25.Qc3 Be4 26.Bb5 Na7 27.Rc1 1-0

[Event "23rd EUR-ch"]
[Site "Vrnjacka Banja SRB"]
[Date "2023.03.08"]
[Round "6.105"]
[White "Atakishiyev, Elmar"]
[Black "Yuffa, Daniil"]
[Result "0-1"]
[WhiteElo "2344"]
[BlackElo "2605"]
[EventDate "2023.03.03"]
[PlyCount "53"]

1.d4 Nf6 2.c4 e6 3.g3 c5 4.d5 exd5 5.cxd5 d6 6.Bg2 g6 7.Nc3 Bg7 8.Nf3 O-O 
9.O-O Re8 10.Bf4 Bf5 11.Nh4 Bg4 12.h3 Nh5 13.hxg4 Nxf4 14.gxf4 Qxh4 15.e3 
Bxc3 16.bxc3 Nd7 17.Rb1 Rab8 18.Bf3 g5 19.Kg2 gxf4 20.exf4 Qf6 21.Qd2 Nb6 
22.Kg3 Nc4 23.Qd3 b5 24.Rh1 Qg6 25.f5 Qf6 26.Rh5 Qe5+ 27.Kg2 0-1

[Event "23rd EUR-ch"]
[Site "Vrnjacka Banja SRB"]
[Date "2023.03.08"]
[Round "6.106"]
[White "Van Foreest, Lucas"]
[Black "Nyysti, Sampsa"]
[Result "1-0"]
[WhiteElo "2570"]
[BlackElo "2345"]
[EventDate "2023.03.03"]
[PlyCount "83"]

1.e4 e5 2.Nf3 Nc6 3.Bc4 Nf6 4.Ng5 d5 5.exd5 b5 6.Bf1 Nxd5 7.Bxb5 Bb7 8.d3 
Qd7 9.O-O f6 10.Nf3 Nb6 11.Be3 a6 12.Bc4 Nxc4 13.dxc4 Qf7 14.b3 Rd8 15.Qe2
Bd6 16.Nc3 O-O 17.Rad1 Rfe8 18.Ne4 Nd4 19.Bxd4 exd4 20.Nxd6 Rxd6 21.Qd2 
Bxf3 22.gxf3 Re5 23.f4 Rh5 24.f3 Qd7 25.Rf2 Rh6 26.c5 Rg6+ 27.Kh1 Rd5 28.
c4 Rxc5 29.Qxd4 Qxd4 30.Rxd4 f5 31.Re2 Rd6 32.Rxd6 cxd6 33.Rd2 Rc6 34.Rd5 
g6 35.Kg2 Kf7 36.Kf2 Ke6 37.Ke3 Rc7 38.Ra5 Rc6 39.Kd4 Rb6 40.Rd5 Rb7 41.
Kc3 h6 42.h4 1-0

[Event "23rd EUR-ch"]
[Site "Vrnjacka Banja SRB"]
[Date "2023.03.08"]
[Round "6.107"]
[White "Burcu, Cagatay"]
[Black "Bosiocic, Marin"]
[Result "1/2-1/2"]
[WhiteElo "2331"]
[BlackElo "2555"]
[EventDate "2023.03.03"]
[PlyCount "104"]

1.d4 Nf6 2.Nf3 e6 3.Bf4 c5 4.c3 d5 5.e3 Nc6 6.Nbd2 Nh5 7.Bg5 f6 8.Bh4 g6 
9.Be2 cxd4 10.cxd4 Ng7 11.Bg3 Nf5 12.O-O Be7 13.Rc1 O-O 14.Ne1 Kg7 15.Bg4 
Nxg3 16.hxg3 Bd6 17.Nd3 Qe7 18.Qb3 Rb8 19.a3 h5 20.Be2 Bd7 21.Qa2 Be8 22.
b4 Bf7 23.b5 Na5 24.e4 b6 25.exd5 exd5 26.Bf3 Rbd8 27.Rfe1 Qd7 28.Qb2 Bb8 
29.a4 Rh8 30.Nb4 h4 31.g4 Rc8 32.Nf1 Bf4 33.Rxc8 Rxc8 34.Nd3 Bb8 35.Nb4 
Bf4 36.Nd3 Bg5 37.Qa3 Rc7 38.Bd1 Nc4 39.Qb4 Qd6 40.Bb3 Bf4 41.Re2 g5 42.
Qe1 Qa3 43.Nxf4 gxf4 44.Bxc4 dxc4 45.g5 Qd6 46.gxf6+ Qxf6 47.Qc3 f3 48.Re5
fxg2 49.Ne3 Kh7 50.d5 Bg6 51.Ng4 Qf4 52.d6 Rf7 1/2-1/2

[Event "23rd EUR-ch"]
[Site "Vrnjacka Banja SRB"]
[Date "2023.03.08"]
[Round "6.108"]
[White "Kelires, Andreas"]
[Black "Bazakutsa, Svyatoslav"]
[Result "0-1"]
[WhiteElo "2538"]
[BlackElo "2335"]
[EventDate "2023.03.03"]
[PlyCount "72"]

1.d4 Nf6 2.c4 g6 3.Nc3 Bg7 4.e4 d6 5.h3 O-O 6.Be3 Nbd7 7.Nf3 e5 8.d5 Nc5 
9.Nd2 a5 10.Be2 c6 11.g4 a4 12.g5 Ne8 13.h4 f6 14.Qc2 Bd7 15.O-O-O f5 16.
h5 Rf7 17.hxg6 hxg6 18.Nf3 Nxe4 19.Nxe4 fxe4 20.Nh4 cxd5 21.Rxd5 Be6 22.
Qxe4 Bxd5 23.Qxd5 a3 24.Nxg6 axb2+ 25.Kb1 Nc7 26.Qe4 Qd7 27.Bd1 Ne6 28.Bc2
Qc6 29.Qh4 Nf8 30.Nxf8 Kxf8 31.g6 Rf4 32.Bxf4 Qxc4 33.a4 Rc8 34.Bf5 exf4 
35.Bxc8 Qe4+ 36.Ka2 b1=Q+ 0-1

[Event "23rd EUR-ch"]
[Site "Vrnjacka Banja SRB"]
[Date "2023.03.08"]
[Round "6.109"]
[White "Sebenik, Matej"]
[Black "Velikic, Adela"]
[Result "1-0"]
[WhiteElo "2536"]
[BlackElo "2329"]
[EventDate "2023.03.03"]
[PlyCount "75"]

1.d4 Nf6 2.c4 e6 3.Nf3 Bb4+ 4.Nbd2 b6 5.a3 Bxd2+ 6.Qxd2 Bb7 7.e3 O-O 8.Be2
d5 9.b3 dxc4 10.bxc4 c5 11.O-O cxd4 12.exd4 Nc6 13.Bb2 Na5 14.Qe3 Rc8 15.
Rac1 Ba6 16.Ne5 Nd7 17.Nxd7 Qxd7 18.d5 Qe7 19.d6 Qh4 20.g3 Qh3 21.d7 Bb7 
22.f3 Rc5 23.Qd4 e5 24.Qd6 Rd8 25.Rcd1 Qe6 26.Qxe6 fxe6 27.f4 e4 28.Bg4 
Kf7 29.f5 e5 30.f6 g6 31.Rd6 Nxc4 32.Be6+ Kf8 33.Bxc4 Rxc4 34.f7 e3 35.Re6
Rf4 36.Re8+ Kxf7 37.Rxf4+ exf4 38.Rxd8 1-0

[Event "23rd EUR-ch"]
[Site "Vrnjacka Banja SRB"]
[Date "2023.03.08"]
[Round "6.110"]
[White "Gaal, Zsoka"]
[Black "Stocek, Jiri"]
[Result "0-1"]
[WhiteElo "2320"]
[BlackElo "2534"]
[EventDate "2023.03.03"]
[PlyCount "36"]

1.d4 d6 2.Nf3 g6 3.c4 Bg7 4.Nc3 Bg4 5.e3 Nf6 6.Be2 O-O 7.h3 Bf5 8.O-O Re8 
9.Re1 Na6 10.Bf1 Ne4 11.Qb3 Nxc3 12.bxc3 Be4 13.Nd2 Bc6 14.Ba3 Rb8 15.c5 
dxc5 16.Bxa6 bxa6 17.Qc2 cxd4 18.cxd4 Ba8 0-1

[Event "23rd EUR-ch"]
[Site "Vrnjacka Banja SRB"]
[Date "2023.03.08"]
[Round "6.111"]
[White "Piliposian, Robert"]
[Black "Mastrovasilis, Athanasios"]
[Result "1/2-1/2"]
[WhiteElo "2314"]
[BlackElo "2518"]
[EventDate "2023.03.03"]
[PlyCount "70"]

1.d4 Nf6 2.c4 e6 3.Nf3 d5 4.Nc3 c6 5.Bg5 Be7 6.e3 h6 7.Bh4 Nbd7 8.Qc2 O-O 
9.cxd5 Nxd5 10.Bxe7 Qxe7 11.Be2 N5f6 12.O-O e5 13.dxe5 Nxe5 14.Nxe5 Qxe5 
15.Rfd1 Be6 16.Rd4 Rad8 17.Rad1 Rxd4 18.Rxd4 a6 19.Na4 Nd7 20.b4 a5 21.Nc5
Nxc5 22.bxc5 Qc7 23.Qb2 Rb8 24.Bc4 Bxc4 25.Rxc4 b6 26.cxb6 Rxb6 27.Qc2 Qe5
28.Rd4 g6 29.g3 Kg7 30.Qc4 Rb4 31.Qxc6 Rxd4 32.exd4 Qxd4 33.a4 g5 34.h3 
Qb4 35.Kg2 Qd4 1/2-1/2

[Event "23rd EUR-ch"]
[Site "Vrnjacka Banja SRB"]
[Date "2023.03.08"]
[Round "6.112"]
[White "Draskovic, Luka"]
[Black "Sukovic, Andrej"]
[Result "1-0"]
[WhiteElo "2510"]
[BlackElo "2322"]
[EventDate "2023.03.03"]
[PlyCount "49"]

1.Nf3 Nf6 2.g3 b5 3.Bg2 Bb7 4.d3 d5 5.Nbd2 Nbd7 6.O-O e6 7.e4 Bd6 8.Qe2 
Bb4 9.e5 Ng8 10.Nb3 c6 11.a4 a6 12.Be3 Nh6 13.axb5 axb5 14.Bxh6 gxh6 15.
Qe3 Bf8 16.Rxa8 Bxa8 17.Ra1 Bg7 18.Nc5 O-O 19.Rxa8 Qxa8 20.Nxd7 Qa1+ 21.
Bf1 Ra8 22.Qc5 h5 23.Qxc6 h6 24.h4 Kh7 25.d4 1-0

[Event "23rd EUR-ch"]
[Site "Vrnjacka Banja SRB"]
[Date "2023.03.08"]
[Round "6.113"]
[White "Skvortsov, Andrei"]
[Black "Gines Esteo, Pedro Antonio"]
[Result "1/2-1/2"]
[WhiteElo "2298"]
[BlackElo "2500"]
[EventDate "2023.03.03"]
[PlyCount "38"]

1.Nf3 d5 2.e3 Nf6 3.c4 e6 4.Nc3 dxc4 5.Bxc4 a6 6.a4 c5 7.O-O Nc6 8.d4 cxd4
9.exd4 Be7 10.Bf4 O-O 11.d5 exd5 12.Nxd5 Nxd5 13.Qxd5 Be6 14.Qe4 Bxc4 15.
Qxc4 Bf6 16.Rad1 Qb6 17.Be3 Qc7 18.Bf4 Qb6 19.Be3 Qc7 1/2-1/2